A közeledést szolgálva Beszélgetés Peter Kováčsal, a martini Szlovák Nemzeti Színház dramaturgjával és rendezőjével

Bibliographic Details
Main Authors: Kováč, Peter, 1958- (Author), Dusza, István (Author)
Format: Article
Language:Hungarian
Subjects:

MARC

LEADER 00000nab a2200000 a 4500
001 vtls000501688
003 SK-MaSNL
005 20260318132838.0
008 160202c1993 xo 0 hun
015 |a SNBRB19rr/mm-uuuuu 
035 |a CL0501826 
040 |a SNKBUCL  |b slo  |c SNKBUCL  |e AACR2 
041 0 |a hun 
044 |a xo  |c SK 
080 |a 792.2  |2 1981 
100 1 |a Kováč, Peter,  |d 1958-  |4 aut  |9 37040 
245 1 0 |a A közeledést szolgálva  |b Beszélgetés Peter Kováčsal, a martini Szlovák Nemzeti Színház dramaturgjával és rendezőjével  |c Peter Kováč, István Dusza 
600 1 7 |a Görgey, Gábor -  |x Ide Pešek dokola  |2 snkbucl  |9 1226608 
610 2 7 |a Divadlo Slovenského národného povstania  |2 snkbucl  |9 232430 
650 0 7 |a Görgey, Gábor  |2 snkbucl  |9 1226609 
651 7 |a 5306  |2 snkbucl  |9 893716 
655 7 |a články z novín a časopisov  |2 snkbucl  |9 267496 
700 1 |a Dusza, István  |4 aut  |9 280237 
773 0 |t Új szó  |g Roč. 46, č. 269 (18. 11. 1993), s. 4 
850 |a Slovenská národná knižnica v Martine  |a DSG001 
852 |a SNK  |b KIS3GCP 
958 |a RK 
958 |a HU 
992 |a RBX 
999 |c 2157603  |d 2159533